000 00552nam a2200217Ia 4500
003 OSt
005 20220924143047.0
006 a|||||r|||| 00| 0
007 ta
008 220923b |||||||| |||| 00| 0 ori d
024 _a304540
037 _cTextual
040 _aARTS
_cARTS
_bORI
041 _2ORI
_aORI
082 _aNA4471, 1591J2
100 _aPanda Radhacharan
_9214694
245 0 _aUtkalara shilpa chaturee
260 _c1952
942 _hNA4471, 1591J2
_cTEXL
_2CC
999 _c453039
_d453039